00509nam a22001577a 450000500170000001000150001702000260003203500140005803700150007208200160008710000170010324500790012026000340019927000960023330000220032920220919124039.0 aENG-135122 a9789387253070c180.00 aEN-118654 bDBAD / PUB a352.0070954 aPankaj Singh aRural Local Goverrnment in India:bA Study of panchayat raj/cPankaj singh aAllahabad bKitab Mahalc2018 a18-B Nyaya Marg,Ashok NagarbAllahabade211001k0532-2424154minfo@kitabmahalpublishers.com a200p. c21cm(pbk)